[Event "Marianske Lazne op 11th"]
[Site "Marianske Lazne"]
[Date "2012.01.23"]
[Round "3"]
[White "Popelka, Oldrich"]
[Black "Krantz, Christopher"]
[Result "1/2-1/2"]
[WhiteElo "2068"]
[BlackElo "2244"]
[PlyCount "112"]
[EventDate "2012.01.21"]
[EventType "swiss"]
[EventRounds "9"]
[EventCountry "CZE"]
[SourceTitle "CBM 146 Extra"]
[Source "ChessBase"]
[SourceDate "2012.02.29"]
[SourceVersion "1"]
[SourceVersionDate "2012.02.29"]
[SourceQuality "1"]

1. f4 d5 2. Nf3 Nf6 3. g3 g6 4. Bg2 Bg7 5. 0-0 0-0 6. d3 Nbd7 7. Nc3 c6 8. e4 dxe4 9. dxe4 e5 10. Qe2 Re8 11. f5 Qc7 12. fxg6 hxg6 13. b3 Nf8 14. h3 Ne6 15. Be3 b6 16. Rad1 Bb7 17. Ng5 Rad8 18. Rxd8 Qxd8 19. Nxe6 Rxe6 20. Rd1 Rd6 21. Rxd6 Qxd6 22. Qd2 Bf8 23. Qxd6 Bxd6 24. g4 Bc8 25. Ne2 Be6 26. Kf2 Kg7 27. c4 Nd7 28. Bc1 Nc5 29. Ke3 Be7 30. Bb2 Bg5+ 31. Kf3 Nd3 32. Bc3 b5 33. cxb5 cxb5 34. Ba5 Be7 35. Ke3 Nb4 36. Nc3 Bc5+ 37. Kd2 a6 38. Bf3 g5 39. Bd1 f6 40. Bc7 Kf7 41. a4 bxa4 42. Nxa4 Bd4 43. Bd6 a5 44. Nc5 Nc6 45. Nxe6 Kxe6 46. Ba3 Bb6 47. Bb2 Bc5 48. Be2 Kd6 49. Bc4 Bb4+ 50. Kd3 Ne7 51. Bf7 Nc8 52. Bc1 Nb6 53. Be3 Bc5 54. Bd2 Bb4 55. Be3 Bc5 56. Bd2 Bb4 1/2-1/2